Population per Capita Quiz - Statistics

General Stats
  • This quiz has been taken 96 times
  • The average score is 181 of 196
Answer Stats
Hint Answer % Correct
Afghanistan 1
100%
Albania 1
94%
Algeria 1
94%
Andorra 1
94%
Angola 1
94%
Antigua and Barbuda 1
94%
Argentina 1
94%
Armenia 1
94%
Australia 1
94%
Austria 1
94%
Azerbaijan 1
94%
Bahamas 1
94%
Bahrain 1
94%
Bangladesh 1
94%
Barbados 1
94%
Belarus 1
94%
Belgium 1
94%
Belize 1
94%
Benin 1
94%
Bhutan 1
94%
Bolivia 1
94%
Bosnia and Herzegovina 1
94%
Botswana 1
94%
Brazil 1
94%
Brunei 1
94%
Bulgaria 1
94%
Burkina Faso 1
94%
Burundi 1
94%
Cambodia 1
94%
Camerooon 1
94%
Canada 1
94%
Cape Verde 1
94%
Central African Republic 1
94%
Chad 1
94%
Chile 1
94%
China 1
94%
Colombia 1
94%
Comoros 1
94%
Costa Rica 1
94%
Croatia 1
94%
Cuba 1
94%
Cyprus 1
94%
Czechia 1
94%
D. R. Congo 1
94%
Denmark 1
94%
Djibouti 1
94%
Dominica 1
94%
Dominican Republic 1
94%
East Timor 1
94%
Ecuador 1
94%
Egypt 1
94%
El Salvador 1
94%
Equatorial Guinea 1
94%
Eritrea 1
94%
Estonia 1
94%
Eswatini 1
94%
Ethiopia 1
94%
F. S. Micronesia 1
94%
Fiji 1
94%
Finland 1
94%
France 1
94%
Gabon 1
94%
Gambia 1
94%
Georgia 1
94%
Germany 1
94%
Ghana 1
94%
Greece 1
94%
Grenada 1
94%
Guatemala 1
94%
Guinea 1
94%
Guniea-Bissau 1
94%
Guyana 1
94%
Haiti 1
94%
Honduras 1
94%
Hungary 1
94%
Iceland 1
94%
India 1
94%
Indonesia 1
94%
Iran 1
94%
Iraq 1
94%
Ireland 1
94%
Israel 1
94%
Italy 1
94%
Ivory Coast 1
94%
Jamaica 1
91%
Japan 1
91%
Jordan 1
91%
Kazakhstan 1
91%
Kenya 1
91%
Kiribati 1
91%
Kosovo 1
91%
Kuwait 1
91%
Kyrgyzstan 1
91%
Laos 1
91%
Latvia 1
91%
Lebanon 1
91%
Lesotho 1
91%
Liberia 1
91%
Libya 1
91%
Liechtenstein 1
91%
Lithuania 1
91%
Luxembourg 1
91%
Madagascar 1
91%
Malawi 1
91%
Malaysia 1
91%
Maldives 1
91%
Mali 1
91%
Malta 1
91%
Marshall Islands 1
91%
Mauritania 1
91%
Mauritius 1
91%
Mexico 1
91%
Moldova 1
91%
Monaco 1
91%
Mongolia 1
91%
Montenegro 1
91%
Morocco 1
91%
Mozambique 1
91%
Myanmar 1
91%
Namibia 1
91%
Nauru 1
91%
Nepal 1
91%
Netherlands 1
91%
New Zealand 1
91%
Nicaragua 1
91%
Niger 1
91%
Nigeria 1
91%
North Korea 1
91%
North Macedonia 1
91%
Norway 1
91%
Oman 1
91%
Pakistan 1
91%
Palau 1
91%
Panama 1
91%
Papua New Guinea 1
91%
Paraguay 1
91%
Peru 1
91%
Philippines 1
91%
Poland 1
91%
Portugal 1
91%
Qatar 1
91%
Republic of the Congo 1
91%
Romania 1
91%
Russia 1
91%
Rwanda 1
91%
St. Kitts and Nevis 1
91%
St. Lucia 1
91%
St. Vincent and the Grenadines 1
91%
Samoa 1
91%
San Marina 1
91%
São Tomé and Príncipe 1
91%
Saudi Arabia 1
91%
Senegal 1
91%
Serbia 1
91%
Seychelles 1
91%
Sierra Leone 1
91%
Singapore 1
91%
Slovakia 1
91%
Slovenia 1
91%
Solomon Islands 1
91%
Somalia 1
91%
South Africa 1
91%
South Korea 1
91%
South Sudan 1
91%
Spain 1
91%
Sri Lanka 1
91%
Sudan 1
91%
Suriname 1
91%
Sweden 1
91%
Switzerland 1
91%
Syria 1
91%
Taiwan 1
91%
Tajikistan 1
91%
Tanzania 1
91%
Thailand 1
91%
Togo 1
91%
Tonga 1
91%
Trinidad and Tobago 1
91%
Tunisia 1
91%
Turkey 1
91%
Turkmenistan 1
91%
Tuvalu 1
91%
Uganda 1
91%
Ukraine 1
91%
United Arab Emirates 1
91%
United Kingdom 1
91%
United States 1
91%
Uruguay 1
91%
Uzbekistan 1
91%
Vanuatu 1
91%
Vatican City 1
91%
Venezuela 1
91%
Vietnam 1
91%
Yemen 1
91%
Zambia 1
91%
Zimbabwe 1
91%
No matching quizzes found
Score Distribution
Percent of People with Each Score
Percentile by Number Answered
Your Score History
You have not taken this quiz